Detailed geology of certain areas in the Mineral Hill and Warm Springs mining districts, Blaine County, Idaho, (Record no. 28546)

MARC details
000 -LEADER
fixed length control field 00987cam a22002651 4500
001 - CONTROL NUMBER
control field gs 51000113
003 - CONTROL NUMBER IDENTIFIER
control field DLC
005 - DATE AND TIME OF LATEST TRANSACTION
control field 20260227111357.0
008 - FIXED-LENGTH DATA ELEMENTS--GENERAL INFORMATION
fixed length control field 810709s1930 idu 000 0 eng c
010 ## - LIBRARY OF CONGRESS CONTROL NUMBER
LC control number gs 51000113
035 ## - SYSTEM CONTROL NUMBER
System control number (OCoLC)7567635
040 ## - CATALOGING SOURCE
Original cataloging agency U. S. Geol. Survey. Libr.
Transcribing agency GStG
Modifying agency GStG
-- DLC
042 ## - AUTHENTICATION CODE
Authentication code premarc
050 00 - LIBRARY OF CONGRESS CALL NUMBER
Classification number TN24.I2
Item number A43 no. 90
082 ## - DEWEY DECIMAL CLASSIFICATION NUMBER
Classification number 553.4
100 1# - MAIN ENTRY--PERSONAL NAME
Personal name Anderson, Alfred Leonard,
Dates associated with a name 1900-1964.
245 10 - TITLE STATEMENT
Title Detailed geology of certain areas in the Mineral Hill and Warm Springs mining districts, Blaine County, Idaho,
Statement of responsibility, etc. by A. L. Anderson, T. H. Kiilsgaard and V. C. Fryklund, Jr.
260 ## - PUBLICATION, DISTRIBUTION, ETC.
Place of publication, distribution, etc. Moscow,
Name of publisher, distributor, etc. University of Idaho,
Date of publication, distribution, etc. 1950.
300 ## - PHYSICAL DESCRIPTION
Extent viii, 73 p.
Other physical details plates, maps (part fold.)
Dimensions 28 cm.
410 20 - SERIES STATEMENT/ADDED ENTRY--CORPORATE NAME [OBSOLETE, CAN/MARC], [LOCAL, USA]
Corporate name or jurisdiction name as entry element Idaho Bureau of Mines and Geology.
Title of a work Pamphlet,
Volume number/sequential designation no. 90
500 ## - GENERAL NOTE
General note Cover title.
504 ## - BIBLIOGRAPHY, ETC. NOTE
Bibliography, etc. note "References" : p.73.
650 #0 - SUBJECT ADDED ENTRY--TOPICAL TERM
Topical term or geographic name entry element Geology
Geographic subdivision Idaho
-- Blaine County.
650 #0 - SUBJECT ADDED ENTRY--TOPICAL TERM
Topical term or geographic name entry element Mines and mineral resources
Geographic subdivision Idaho
-- Blaine County.

No items available.

Powered by Koha